[Event "Mittelrhein Verbandsliga-S 18/19"]
[Site "Nordrheinwestfalen"]
[Date "2019.05.19"]
[Round "11.8"]
[White "Bursch, Alexander"]
[Black "Klos, Stefan"]
[Result "0-1"]
[WhiteElo "1618"]
[BlackElo "1707"]
[PlyCount "58"]
[EventDate "2018.09.02"]
[EventType "team-tourn"]
[EventRounds "11"]
[EventCountry "GER"]
[SourceTitle "EXT 2022"]
[Source "ChessBase"]
[SourceDate "2021.10.06"]
[SourceVersion "1"]
[SourceVersionDate "2021.10.06"]
[SourceQuality "1"]
[WhiteTeam "Hennef"]
[BlackTeam "Rheinbacher SF"]
[WhiteTeamCountry "GER"]
[BlackTeamCountry "GER"]

1. b3 c5 2. e3 Nf6 3. Bb2 e6 4. Nf3 Nc6 5. Bb5 Be7 6. 0-0 Qc7 7. Bxc6 Qxc6 8. Ne5 Qc7 9. f4 b5 10. d3 b4 11. Nd2 Bb7 12. Ndf3 Nd5 13. Qe1 Bf6 14. g4 d6 15. g5 dxe5 16. gxf6 gxf6 17. fxe5 Rg8+ 18. Kf2 Qc6 19. e4 Nf4 20. Qd1 f5 21. Bc1 Rg2+ 22. Ke1 Re2+ 23. Qxe2 Nxe2 24. Kxe2 fxe4 25. Nh4 exd3+ 26. cxd3 Qd5 27. Bf4 0-0-0 28. Rad1 Ba6 29. Ke1 Bxd3 0-1

[Event "Wiesbaden op 30th"]
[Site "Wiesbaden"]
[Date "2018.08.25"]
[Round "5"]
[White "Rowland, Anthony"]
[Black "Bursch, Alexander"]
[Result "1/2-1/2"]
[WhiteElo "1832"]
[BlackElo "1627"]
[PlyCount "57"]
[EventDate "2018.08.23"]
[EventType "swiss"]
[EventRounds "7"]
[EventCountry "GER"]
[SourceTitle "CBM 186 Extra"]
[Source "ChessBase"]
[SourceDate "2018.08.24"]
[SourceVersion "1"]
[SourceVersionDate "2018.08.24"]
[SourceQuality "1"]

1. c4 e6 2. Nf3 Nf6 3. g3 c5 4. Bg2 Nc6 5. Nc3 a6 6. 0-0 Be7 7. d4 cxd4 8. Nxd4 0-0 9. e4 Qb6 10. Nb3 d6 11. Be3 Qc7 12. Rc1 Nd7 13. Nd5 Qd8 14. Nxe7+ Qxe7 15. c5 dxc5 16. Nxc5 Rd8 17. Nxd7 Bxd7 18. Bb6 Re8 19. Qd2 Rac8 20. Rfd1 Nb8 21. Rxc8 Rxc8 22. e5 Bc6 23. Qd6 Qe8 24. Bc7 Bxg2 25. Kxg2 Nc6 26. a3 h6 27. Bb6 Nxe5 28. Kg1 Nc4 29. Qb4 1/2-1/2

[Event "Hennef op 20th"]
[Site "Hennef"]
[Date "2006.11.22"]
[Round "3"]
[White "Kelkel, Peter"]
[Black "Bursch, Alexander"]
[Result "0-1"]
[WhiteElo "1414"]
[BlackElo "1352"]
[PlyCount "94"]
[EventDate "2006.11.08"]
[EventType "swiss"]
[EventRounds "7"]
[EventCountry "GER"]
[SourceTitle "EXT 2009"]
[Source "ChessBase"]
[SourceDate "2008.11.26"]
[SourceVersion "1"]
[SourceVersionDate "2008.11.26"]
[SourceQuality "1"]
[BlackTeam "Germany"]
[BlackTeamCountry "GER"]

1. d4 d5 2. c4 c6 3. Nc3 Nf6 4. Bf4 Bf5 5. e3 e6 6. Be2 Bd6 7. Bxd6 Qxd6 8. Nf3 h6 9. 0-0 0-0 10. Ne5 Nbd7 11. cxd5 exd5 12. Ng4 Rfe8 13. h3 Nxg4 14. hxg4 Bg6 15. Bd3 Re6 16. Ne2 Bxd3 17. Qxd3 Nf6 18. Nf4 Nxg4 19. Qf5 Rg6 20. f3 Nxe3 21. Qe5 Rf6 22. Nh5 Qxe5 23. dxe5 Rf5 24. Rfe1 Nc2 25. Ng3 Rg5 26. Kf2 Nxa1 27. Re2 Re8 28. f4 Rg6 29. Nf5 Rd8 30. Ne7+ Kh7 31. Nxg6 Kxg6 32. g4 d4 33. a3 Nb3 34. Re1 d3 35. f5+ Kh7 36. Ke3 d2 37. Rd1 Rd5 38. Kf4 g6 39. e6 g5+ 40. Ke4 f6 41. Ke3 Re5+ 42. Kf2 a5 43. Rh1 a4 44. Rd1 Kg7 45. Rh1 Re4 46. Rd1 Rxg4 47. Ke3 Rf4 0-1